| 000 | 00335nam a22001097a 4500 | ||
|---|---|---|---|
| 999 |
_c508134 _d508134 |
||
| 082 | _aT19x5451 An24/1986-87 | ||
| 100 |
_aMahendranath, P. _93226 |
||
| 245 | _aReview of economic trends and state plan, 1986-87 | ||
| 260 |
_aHyderabad _bGovernment of Andhra Pradesh _c1987 |
||
| 300 | _a206p. | ||
| 700 |
_aGovernment of Andhra Pradesh _93227 |
||